| 000 | 01088nam a22002177a 4500 | ||
|---|---|---|---|
| 005 | 2010083008028.0 | ||
| 010 | _aMAR-20217 | ||
| 020 |
_c150.00 _a9789380617015 |
||
| 035 | _aMR-12875 | ||
| 037 | _bDBAD / PUB | ||
| 082 | _a891.4608 | ||
| 100 |
_aचित्रे, दिलिप पुरूषोत्तम _922328 |
||
| 245 |
_aतिरकस आणि चोकस / _cदिलिप पुरूषोत्तम चित्रे |
||
| 246 |
_aTirkas Aani Choukas _bby Dilip Purushotam Chitre |
||
| 260 |
_aश्रीरामपुर _bशब्दालय प्रकाशन _c2010 |
||
| 270 |
_aपोस्ट बॉक्स नं 90, वार्ड 7, _bश्रीरामपुर _e413709 |
||
| 300 |
_a148पृ _c21सेमी (अजिल्द) |
||
| 700 | _917934 | ||
| 942 |
_2ddc _cMR _mचित्रेदि _h891.4608 |
||
| 999 |
_c43438 _d43438 |
||